Qúe es el sociopsicoanálisis? /
Na minha lista:
| Autor principal: | |
|---|---|
| Formato: | Texto |
| Assuntos: | |
| Tags: |
Adicionar Tag
Sem tags, seja o primeiro a adicionar uma tag!
|
MARC
| LEADER | 00000 a a2200000 04500 | ||
|---|---|---|---|
| 001 | 44158 | ||
| 003 | |||
| 040 | |||
| 100 | |a Millan, Ignacio | ||
| 245 | |a Qúe es el sociopsicoanálisis? / |c Ignacio Millan | ||
| 650 | |a PSICOANALISIS | ||
| 650 | |a INVESTIGACION SOCIAL | ||
| 650 | |a SOCIOLOGOS | ||
| 773 | |g volumen37, número2 (1975), Páginas 393-423 | ||
| 999 | |c 21499 |d 21499 | ||
